The golden goose

Bibliographic Details
Other Authors: Gordon, Carl, Gordon, Mike, Mason, Conrad
Format: Book
Published: London : Usborne Publishing Ltd. , 2008
Series:Usborne first reading:level 3
Subjects:

MARC

LEADER 00000cam a2200000 7i4500
001 0000169325
005 20131119.0
020 |a 9780746096642 
090 0 0 |a JF   |b USB 
245 1 4 |a The golden goose   |c retold by Conrad Mason ; illustrated by Mike and Carl Gordon 
260 |a London :   |b Usborne Publishing Ltd. ,   |c 2008 
300 |a 48p. :   |b ill. ;   |c 20cm. 
490 0 |a Usborne first reading:level 3 
500 |a Play & Learn Library 
650 0 0 |a Children's stories 
700 1 |a Gordon, Carl 
700 1 |a Gordon, Mike 
700 1 |a Mason, Conrad 
999 |a 00289468   |b BUKU   |c PINJAMAN   |e PERPUSTAKAAN KOMUNITI PETALING JAYA 
999 |a 00357951   |b BUKU   |c PINJAMAN   |e PERPUSTAKAAN KOMUNITI CAW BANDAR UTAMA